[Event "Titled Tuesday intern op 14th Nov Early"]
[Site "Chess.com INT"]
[Date "2023.11.14"]
[Round "11"]
[White "Quirke, Jeffrey"]
[Black "Vivaan, Vishal Shah"]
[Result "0-1"]
[WhiteElo "1986"]
[BlackElo "1774"]
[PlyCount "34"]
[EventDate "2023.11.14"]
[EventType "swiss (blitz)"]
[EventRounds "11"]
[EventCountry "USA"]
[SourceTitle "CB47_2023"]
[SourceDate "2023.11.22"]
[SourceVersion "1"]
[SourceVersionDate "2023.11.22"]
[SourceQuality "1"]

1. e4 c5 2. c3 d5 3. exd5 Qxd5 4. d4 Nc6 5. Nf3 Bf5 6. Be3 Nf6 7. Bb5 cxd4 8. c4 Qe4 9. Nbd2 Qg4 10. Nxd4 Qxg2 11. Nxf5 Qxh1+ 12. Nf1 e6 13. Nd4 Bb4+ 14. Ke2 0-0 15. Bxc6 bxc6 16. Qa4 Bc5 17. Ng3 Qxa1 0-1

[Event "Titled Tuesday intern op 26th Sep Early"]
[Site "Chess.com INT"]
[Date "2023.09.26"]
[Round "10"]
[White "Kushko, Dmitriy"]
[Black "Vivaan, Vishal Shah"]
[Result "1-0"]
[WhiteElo "2426"]
[BlackElo "1954"]
[PlyCount "107"]
[EventDate "2023.09.26"]
[EventType "swiss (blitz)"]
[EventRounds "11"]
[EventCountry "USA"]
[SourceTitle "EXT 2024"]
[Source "ChessBase"]
[SourceDate "2023.10.10"]
[SourceVersion "1"]
[SourceVersionDate "2023.10.10"]
[SourceQuality "1"]

1. g3 c5 2. Bg2 g6 3. c4 Bg7 4. Nc3 Nc6 5. b3 d6 6. Bb2 e5 7. e3 Nge7 8. Nge2 0-0 9. 0-0 Be6 10. Nd5 Qd7 11. Nxe7+ Nxe7 12. d4 Bh3 13. Bxh3 Qxh3 14. dxc5 dxc5 15. Qd6 Nf5 16. Qxc5 Nh6 17. Qd5 Rad8 18. Qg2 Qxg2+ 19. Kxg2 Rd2 20. Ba3 Rxe2 21. Bxf8 Kxf8 22. Rfe1 Rb2 23. Reb1 Rc2 24. Rc1 Rd2 25. Rd1 Rxd1 26. Rxd1 Ke7 27. Kf3 Nf5 28. c5 f6 29. b4 Nh6 30. Ke4 Ke6 31. Rd6+ Ke7 32. b5 Nf7 33. Rd2 Ke6 34. Rc2 Ng5+ 35. Kd3 Kd7 36. c6+ bxc6 37. Rxc6 Ne6 38. Kc4 Nc7 39. a4 f5 40. h4 Bf8 41. h5 Bd6 42. hxg6 hxg6 43. Kb3 Ne6 44. Kc4 Nc7 45. f3 g5 46. e4 fxe4 47. fxe4 Ke7 48. b6 axb6 49. Rxb6 Kd7 50. a5 Be7 51. a6 g4 52. a7 Ba3 53. Rb7 Bc1 54. a8Q 1-0

[Event "Titled Tuesday intern op 26th Sep Early"]
[Site "Chess.com INT"]
[Date "2023.09.26"]
[Round "4"]
[White "Vivaan, Vishal Shah"]
[Black "Klukin, Kirill"]
[Result "0-1"]
[WhiteElo "1954"]
[BlackElo "2390"]
[PlyCount "54"]
[EventDate "2023.09.26"]
[EventType "swiss (blitz)"]
[EventRounds "11"]
[EventCountry "USA"]
[SourceTitle "EXT 2024"]
[Source "ChessBase"]
[SourceDate "2023.10.10"]
[SourceVersion "1"]
[SourceVersionDate "2023.10.10"]
[SourceQuality "1"]

1. e4 c5 2. Nf3 g6 3. d4 cxd4 4. Nxd4 Bg7 5. c4 Nc6 6. Be3 Nf6 7. Nc3 0-0 8. Be2 d6 9. Qd2 Bd7 10. 0-0 Nxd4 11. Bxd4 Bc6 12. b4 e5 13. Be3 a5 14. b5 Nxe4 15. Nxe4 Bxe4 16. Rad1 d5 17. f3 d4 18. Bg5 f6 19. fxe4 fxg5 20. c5 Rc8 21. Rc1 Rf4 22. Bc4+ Kh8 23. Bd5 Qe7 24. Qxa5 Rxc5 25. Rxc5 Qxc5 26. Qd8+ Bf8 27. Qxg5 d3+ 0-1

[Event "Titled Tuesday intern op 19th Sep Early"]
[Site "Chess.com INT"]
[Date "2023.09.19"]
[Round "11"]
[White "Vivaan, Vishal Shah"]
[Black "Fiorito, Joaquin"]
[Result "0-1"]
[WhiteElo "1954"]
[BlackElo "2399"]
[PlyCount "82"]
[EventDate "2023.09.19"]
[EventType "swiss (blitz)"]
[EventRounds "11"]
[EventCountry "USA"]
[SourceTitle "EXT 2024"]
[Source "ChessBase"]
[SourceDate "2023.10.10"]
[SourceVersion "1"]
[SourceVersionDate "2023.10.10"]
[SourceQuality "1"]

1. e4 c6 2. d4 d5 3. Nd2 dxe4 4. Nxe4 Nf6 5. Nxf6+ exf6 6. c3 Bd6 7. Bd3 0-0 8. Qc2 Re8+ 9. Ne2 h5 10. Be3 Nd7 11. 0-0-0 b5 12. d5 c5 13. Bxb5 a6 14. Bd3 Rb8 15. Kb1 Ne5 16. c4 Qb6 17. b3 a5 18. Nc3 Bd7 19. Ne4 a4 20. Nxd6 Qxd6 21. Rhe1 axb3 22. axb3 Nxd3 23. Rxd3 Bf5 24. Kb2 Bxd3 25. Qxd3 Qxh2 26. Ra1 Qe5+ 27. Qc3 Qe4 28. Bxc5 Qxg2 29. Be3 h4 30. d6 h3 31. c5 h2 32. c6 Rxe3 33. Qxe3 Qxc6 34. f3 Qxd6 35. Rh1 Ra8 36. Qf2 Qa3+ 37. Kc3 Rc8+ 38. Kd3 Qxb3+ 39. Ke4 Rc4+ 40. Kf5 Qb5+ 41. Qc5 Qxc5# 0-1

[Event "Asia-ch Blitz U20"]
[Site "Jamshedpur"]
[Date "2023.09.15"]
[Round "1"]
[White "Rohit, Krishna S"]
[Black "Vivaan, Vishal Shah"]
[Result "0-1"]
[WhiteElo "2420"]
[BlackElo "1867"]
[PlyCount "106"]
[EventDate "2023.09.15"]
[EventType "swiss (blitz)"]
[EventRounds "9"]
[EventCountry "IND"]
[SourceTitle "EXT 2024"]
[Source "ChessBase"]
[SourceDate "2023.10.10"]
[SourceVersion "1"]
[SourceVersionDate "2023.10.10"]
[SourceQuality "1"]

1. Nf3 c5 2. g3 g6 3. Bg2 Bg7 4. 0-0 Nc6 5. c4 d6 6. Nc3 e5 7. d3 Nge7 8. a3 a6 9. Rb1 Rb8 10. b4 cxb4 11. axb4 b5 12. cxb5 axb5 13. Ne1 0-0 14. Nc2 Be6 15. Ne4 h6 16. f4 f5 17. Nf2 Qd7 18. e4 fxe4 19. dxe4 Kh7 20. Be3 exf4 21. gxf4 d5 22. e5 Nf5 23. Bc5 Rfd8 24. Ra1 d4 25. Ra6 Bd5 26. Ne4 Ra8 27. Rxa8 Rxa8 28. Qd3 Bc4 29. Qh3 Bxf1 30. Bxf1 Qd5 31. Bg2 Qc4 32. Ng5+ Kh8 33. Bxc6 d3 34. Ne3 Ra1+ 35. Kf2 Qa2+ 36. Kf3 Qe2+ 37. Ke4 d2 38. Nf7+ Kg8 39. Bd5 d1Q 40. Nxh6+ Kh7 41. Bg8+ Kh8 42. Nhxf5+ Qh5 43. Qxh5+ Qxh5 44. Ng3 Qxh2 45. f5 Qxg3 46. f6 Bxf6 47. exf6 Kxg8 48. Nd5 Kf7 49. Be3 Re1 50. Kd4 Rxe3 51. Nxe3 Kxf6 52. Nd5+ Ke6 53. Nc7+ Qxc7 0-1

[Event "Titled Tuesday intern op 29th Aug Early"]
[Site "Chess.com INT"]
[Date "2023.08.29"]
[Round "2"]
[White "Fernandez, Michael"]
[Black "Vivaan, Vishal Shah"]
[Result "0-1"]
[WhiteElo "2152"]
[BlackElo "2047"]
[PlyCount "52"]
[EventDate "2023.08.29"]
[EventType "swiss (blitz)"]
[EventRounds "11"]
[EventCountry "USA"]
[SourceTitle "EXT 2024"]
[Source "ChessBase"]
[SourceDate "2023.10.10"]
[SourceVersion "1"]
[SourceVersionDate "2023.10.10"]
[SourceQuality "1"]

1. c4 Nf6 2. g3 g6 3. Bg2 c6 4. Nf3 Bg7 5. 0-0 0-0 6. d4 d5 7. cxd5 cxd5 8. Nc3 Nc6 9. Ne5 e6 10. e3 Nxe5 11. dxe5 Nd7 12. f4 Nb6 13. Qb3 Bd7 14. Rd1 Qe7 15. e4 Qc5+ 16. Kh1 d4 17. Ne2 Ba4 18. Qd3 Bxd1 19. Qxd1 Rad8 20. Bd2 Nc4 21. Rc1 Qb5 22. b3 Ne3 23. Bxe3 dxe3 24. Qe1 Rd2 25. Bf3 h5 26. Rc3 Rfd8 0-1

[Event "Titled Tuesday intern op 29th Aug Early"]
[Site "Chess.com INT"]
[Date "2023.08.29"]
[Round "6"]
[White "Topalov, Aleksandar"]
[Black "Vivaan, Vishal Shah"]
[Result "1-0"]
[WhiteElo "2233"]
[BlackElo "2047"]
[PlyCount "93"]
[EventDate "2023.08.29"]
[EventType "swiss (blitz)"]
[EventRounds "11"]
[EventCountry "USA"]
[SourceTitle "EXT 2024"]
[Source "ChessBase"]
[SourceDate "2023.10.10"]
[SourceVersion "1"]
[SourceVersionDate "2023.10.10"]
[SourceQuality "1"]

1. b3 c5 2. Bb2 d6 3. d4 cxd4 4. Qxd4 Nc6 5. Qd2 e5 6. c4 Nf6 7. Nc3 Be7 8. g3 0-0 9. Bg2 Be6 10. e3 Rc8 11. Nge2 Qd7 12. 0-0 Bh3 13. Rfd1 Rfd8 14. Rac1 Qe6 15. Ne4 Bxg2 16. Nxf6+ Bxf6 17. Kxg2 Ne7 18. Nc3 e4 19. Nd5 Nxd5 20. cxd5 Qf5 21. Bxf6 Qf3+ 22. Kg1 gxf6 23. Rxc8 Rxc8 24. Rc1 Re8 25. Rc7 h5 26. h4 f5 27. Qc3 f4 28. Rc8 Rxc8 29. Qxc8+ Kg7 30. gxf4 Qd1+ 31. Kg2 Qxd5 32. Qd8 Qe6 33. Qg5+ Qg6 34. f5 Qxg5+ 35. hxg5 d5 36. Kg3 f6 37. g6 Kh6 38. Kh4 b5 39. b4 a6 40. a3 Kg7 41. Kxh5 Kg8 42. Kh6 Kh8 43. g7+ Kg8 44. Kg6 d4 45. exd4 a5 46. bxa5 e3 47. a6 1-0

[Event "Titled Tuesday intern op 29th Aug Early"]
[Site "Chess.com INT"]
[Date "2023.08.29"]
[Round "5"]
[White "Vivaan, Vishal Shah"]
[Black "Jakubowska, Anna"]
[Result "1/2-1/2"]
[WhiteElo "2047"]
[BlackElo "2139"]
[PlyCount "166"]
[EventDate "2023.08.29"]
[EventType "swiss (blitz)"]
[EventRounds "11"]
[EventCountry "USA"]
[SourceTitle "EXT 2024"]
[Source "ChessBase"]
[SourceDate "2023.10.10"]
[SourceVersion "1"]
[SourceVersionDate "2023.10.10"]
[SourceQuality "1"]

1. e4 Nf6 2. e5 Nd5 3. Nf3 d6 4. d4 dxe5 5. Nxe5 c6 6. Bd3 g6 7. 0-0 Bg7 8. Re1 0-0 9. c3 Nd7 10. Nxd7 Bxd7 11. Nd2 Re8 12. Nf3 Bg4 13. h3 Bxf3 14. Qxf3 Qd6 15. a3 e5 16. dxe5 Rxe5 17. Rxe5 Qxe5 18. Bd2 Re8 19. Re1 Qb8 20. Rxe8+ Qxe8 21. Bc4 Qe5 22. g3 f5 23. Be3 a6 24. Bf4 Qe4 25. Qxe4 fxe4 26. Kf1 Kf8 27. Bd2 Ke7 28. Bb3 Be5 29. Ke2 Kd6 30. Bc2 Nf6 31. c4 Bxb2 32. a4 Ke6 33. Bg5 Bd4 34. Bxf6 Bxf6 35. Bxe4 Ke5 36. Kd3 Kd6 37. f4 Kc5 38. g4 b5 39. axb5 axb5 40. cxb5 cxb5 41. g5 Bg7 42. h4 Bf8 43. h5 Bd6 44. hxg6 hxg6 45. Ke3 b4 46. Bxg6 b3 47. Bb1 b2 48. f5 Kd5 49. g6 Be5 50. Kf3 Kd6 51. Kg4 Ke7 52. Kg5 Bf6+ 53. Kh6 Kf8 54. Kh7 Bg7 55. Bc2 Bf6 56. Kh6 Bg7+ 57. Kg5 Ke7 58. Kg4 Bf6 59. Kf4 Kf8 60. Ke4 Ke7 61. Kd5 Bg7 62. Bb1 Bf6 63. Kc6 Bg7 64. Kb5 Bf6 65. Kc4 Bg7 66. Kb3 Bf6 67. Ka2 Bg7 68. Ka3 Bf6 69. Ka4 Bg7 70. Ka5 Bf6 71. Ka6 Bg7 72. Kb5 Bf6 73. Kc4 Bg7 74. Kd3 Bf6 75. Ke2 Bg7 76. Kf3 Bf6 77. Kg4 Bg7 78. Kg5 Bf6+ 79. Kh6 Kf8 80. Kh5 Bg7 81. Kg4 Ke7 82. Kf3 Bf6 83. Kg4 Bg7 1/2-1/2